[Event "BL 8788 München 36-Erlangen"]
[Site "?"]
[Date "1988.??.??"]
[Round "?.1"]
[White "Kuligowski, A."]
[Black "Smejkal, J."]
[Result "1/2-1/2"]
[WhiteElo "2415"]
[BlackElo "2515"]
[PlyCount "46"]
[EventDate "1988.??.??"]

1. c4 e5 2. Nc3 d6 3. g3 g6 4. Bg2 Bg7 5. e3 Nf6 6. Nge2 O-O 7. b4 c6 8. b5 Be6
9. Qb3 Nbd7 10. Ba3 Nc5 11. Bxc5 dxc5 12. bxc6 bxc6 13. Bxc6 Rb8 14. Qa4 Qd6
15. a3 Rb6 16. Bg2 Rfb8 17. O-O Ra6 18. Qc2 Bxc4 19. Rfb1 Rd8 20. Rb2 Rb6 21.
Rd1 Nd7 22. Rxb6 axb6 23. Qb2 e4 {Rest nicht rekonstruierbar; 1-0/52} 1/2-1/2

[Event "BL 8788 München 36-Erlangen"]
[Site "?"]
[Date "1988.??.??"]
[Round "?.2"]
[White "Nikolac, J."]
[Black "Huenerkopf, H."]
[Result "1/2-1/2"]
[WhiteElo "2470"]
[BlackElo "2255"]
[PlyCount "67"]
[EventDate "1988.??.??"]

1. d4 Nf6 2. Nf3 g6 3. Bg5 Bg7 4. Nbd2 d5 5. e3 O-O 6. Bd3 c5 7. c3 cxd4 8.
exd4 Qb6 9. Qc2 Qe6+ 10. Kf1 Nc6 11. Re1 Qd6 12. Ne5 Re8 13. h3 Nd7 14. Nef3 e5
15. Bf4 Qf6 16. Bg3 Qd8 17. Bh4 Bf6 18. Bxf6 Qxf6 19. Qb3 Nb6 20. dxe5 Nxe5 21.
Nxe5 Rxe5 22. Rxe5 Qxe5 23. Nf3 Qf4 24. Qc2 Nc4 25. Bxc4 dxc4 26. Qd2 Qxd2 27.
Nxd2 Bf5 28. f3 Rd8 29. Ke2 Re8+ 30. Kf2 Rd8 31. Ke2 Re8+ 32. Kf2 Rd8 33. Ke3
Re8+ 34. Kf2 1/2-1/2

[Event "BL 8788 München 36-Erlangen"]
[Site "?"]
[Date "1988.??.??"]
[Round "?.4"]
[White "Kaiser, W."]
[Black "Ramos, D."]
[Result "1/2-1/2"]
[WhiteElo "2355"]
[BlackElo "2310"]
[PlyCount "23"]
[EventDate "1988.??.??"]

1. d4 d5 2. c4 c6 3. Nf3 Nf6 4. Nc3 dxc4 5. a4 Bf5 6. e3 e6 7. Bxc4 a5 8. O-O
Be7 9. Qe2 O-O 10. h3 Na6 11. e4 Bg6 12. Rd1 1/2-1/2

[Event "BL 8788 München 36-Erlangen"]
[Site "?"]
[Date "1988.??.??"]
[Round "?.7"]
[White "Autenrieth, M."]
[Black "Goetz, R."]
[Result "1-0"]
[WhiteElo "2355"]
[BlackElo "2325"]
[PlyCount "43"]
[EventDate "1988.??.??"]

1. g3 c5 2. Bg2 Nc6 3. c4 Nf6 4. Nc3 e6 5. e4 d5 6. exd5 exd5 7. Nxd5 Nxd5 8.
cxd5 Nb4 9. a3 Nxd5 10. d4 Be6 11. Nf3 Qa5+ 12. Bd2 Qb6 13. O-O O-O-O 14. Qa4
Kb8 15. Rfc1 Rc8 16. Ne5 Qd8 17. Ba5 Qd6 18. Rxc5 Rxc5 19. dxc5 Qxc5 20. Qe8+
Qc8 21. Qxc8+ Kxc8 22. Rc1+ 1-0

[Event "BL 8788 Bamberg-München 36"]
[Site "?"]
[Date "1988.??.??"]
[Round "?.1"]
[White "Smejkal, J."]
[Black "Zysk, R."]
[Result "1-0"]
[WhiteElo "2515"]
[BlackElo "2400"]
[PlyCount "87"]
[EventDate "1988.??.??"]

1. Nf3 Nf6 2. c4 g6 3. Nc3 Bg7 4. e4 d6 5. d4 O-O 6. Be2 e5 7. Bg5 h6 8. Bh4
Nbd7 9. O-O c6 10. d5 c5 11. Ne1 a6 12. Rb1 Qc7 13. Nd3 Rb8 14. Qd2 b5 15. cxb5
axb5 16. b4 c4 17. Nb2 g5 18. Bg3 Nxe4 19. Nxe4 f5 20. Nc3 f4 21. a4 bxa4 22.
Nxc4 fxg3 23. hxg3 Ra8 24. Nb5 Qb8 25. Nbxd6 Nb6 26. Nxc8 Rxc8 27. d6 Rd8 28.
Rfd1 Nxc4 29. Bxc4+ Kh8 30. d7 Qb6 31. Qd3 a3 32. Qe4 Ra7 33. Bd3 Kg8 34. Bc4+
Kh8 35. Bd3 Kg8 36. Qh7+ Kf7 37. Bc4+ Kf6 38. g4 Rdxd7 39. Qf5+ Ke7 40. Qf7+
Kd8 41. Qg8+ Kc7 42. Rxd7+ Kxd7 43. Qxg7+ Kc8 44. Be6+ 1-0

[Event "BL 8788 Bamberg-München 36"]
[Site "?"]
[Date "1988.??.??"]
[Round "?.3"]
[White "Bastian, H."]
[Black "Hartmann, G."]
[Result "0-1"]
[WhiteElo "2335"]
[BlackElo "2330"]
[PlyCount "58"]
[EventDate "1988.??.??"]

1. e4 d5 2. exd5 Nf6 3. c4 e6 4. Qa4+ Bd7 5. Qb3 Na6 6. d4 Bb4+ 7. Bd2 Qe7 8.
d6 Qxd6 9. Nf3 c5 10. Bxb4 Nxb4 11. dxc5 Qxc5 12. Be2 O-O 13. O-O Rfe8 14. Nc3
e5 15. Rad1 e4 16. Nd4 Rad8 17. a3 Nc6 18. Qb5 Qf8 19. Qg5 Ne5 20. b4 h6 21.
Qg3 Bg4 22. Bxg4 Nexg4 23. c5 e3 24. f3 Nf2 25. Rxf2 exf2+ 26. Kxf2 Qe7 27. Kf1
Rxd4 28. Rxd4 Qe3 29. Nb5 Qc1+ 0-1

[Event "BL 8788 Bamberg-München 36"]
[Site "?"]
[Date "1988.??.??"]
[Round "?.4"]
[White "Meister, P."]
[Black "Kaiser, W."]
[Result "0-1"]
[WhiteElo "2370"]
[BlackElo "2355"]
[PlyCount "102"]
[EventDate "1988.??.??"]

1. d4 d5 2. c4 e6 3. Nc3 c6 4. e4 dxe4 5. Nxe4 Bb4+ 6. Nc3 Nf6 7. a3 Bxc3+ 8.
bxc3 e5 9. Nf3 e4 10. Ne5 Qa5 11. Bd2 c5 12. Be2 Nbd7 13. Nxd7 Bxd7 14. O-O h6
15. a4 O-O 16. Qc2 Bf5 17. Be3 Rfd8 18. h3 Rac8 19. Rfb1 Qc7 20. Rb5 Nd7 21.
Rab1 b6 22. a5 Bg6 23. Qc1 Qc6 24. Qa3 Kh7 25. dxc5 bxc5 26. a6 Bf5 27. Rd1 Qg6
28. Kh1 h5 29. Rd5 Qe6 30. Bf4 Rc6 31. Rb7 Rxa6 32. Qc1 Ra2 33. Qd1 e3 34. Bxe3
Be4 35. Bf3 Bxd5 36. Bxd5 Qg6 37. Bf3 Ne5 38. Qxd8 Nxf3 39. Qd1 Nh4 40. Qd5
Ra1+ 41. Kh2 Rd1 42. Bd4 cxd4 43. g3 Rd2 44. Rxf7 dxc3 45. Qb7 c2 46. gxh4 Qd6+
47. Kg2 Qg6+ 48. Kh2 c1=Q 49. Rxg7+ Qxg7 50. Qe4+ Qg6 51. Qe7+ Kg8 0-1

[Event "BL 8788 Bamberg-München 36"]
[Site "?"]
[Date "1988.??.??"]
[Round "?.6"]
[White "Ruehrig, V."]
[Black "Pichler, J."]
[Result "1-0"]
[WhiteElo "2360"]
[BlackElo "2320"]
[PlyCount "65"]
[EventDate "1988.??.??"]

1. c4 Nf6 2. Nc3 c5 3. g3 g6 4. Bg2 Bg7 5. e3 Nc6 6. Nge2 d6 7. a3 O-O 8. O-O
Bd7 9. Rb1 Qc8 10. b4 Bh3 11. d3 Bxg2 12. Kxg2 Rd8 13. b5 Na5 14. e4 h6 15. f4
e6 16. Bd2 b6 17. f5 d5 18. fxg6 fxg6 19. exd5 exd5 20. Rxf6 Bxf6 21. Nxd5 Rxd5
22. cxd5 Qf5 23. Nf4 g5 24. Qh5 Nc4 25. g4 Qh7 26. Re1 Ne5 27. Bc3 gxf4 28.
Bxe5 Bg5 29. Bc3 Rf8 30. Re7 f3+ 31. Kf2 Bh4+ 32. Qxh4 Qxd3 33. Qxh6 1-0

[Event "BL 8788 Bamberg-München 36"]
[Site "?"]
[Date "1988.??.??"]
[Round "?.7"]
[White "Goetz, R."]
[Black "Kestler, H."]
[Result "1/2-1/2"]
[WhiteElo "2325"]
[BlackElo "2385"]
[PlyCount "77"]
[EventDate "1988.??.??"]

1. e4 c5 2. Nf3 Nc6 3. d4 cxd4 4. Nxd4 Qb6 5. Nb3 Nf6 6. Nc3 e6 7. Bd3 Be7 8.
O-O d6 9. a4 O-O 10. a5 Qc7 11. Be3 Bd7 12. f4 Nb4 13. Qf3 Bc6 14. Qh3 Nxd3 15.
cxd3 b5 16. axb6 axb6 17. Rac1 Qd7 18. Nd4 Bb7 19. g4 g6 20. f5 e5 21. Nf3 d5
22. Nxe5 Qd6 23. Bf4 dxe4 24. Nxg6 Qc5+ 25. Be3 fxg6 26. Bxc5 Bxc5+ 27. Kg2
exd3+ 28. Kg3 Rae8 29. Rce1 d2 30. Re6 Kg7 31. Kh4 Rd8 32. Kg5 Ng8 33. f6+ Rxf6
34. Rfxf6 h6+ 35. Qxh6+ Nxh6 36. Rxg6+ Kf7 37. Ref6+ Ke8 38. Re6+ Kf7 39. Ref6+
1/2-1/2

[Event "BL 8788 Bamberg-München 36"]
[Site "?"]
[Date "1988.??.??"]
[Round "?.8"]
[White "Niedermaier, H."]
[Black "Koepf, U."]
[Result "1/2-1/2"]
[WhiteElo "2230"]
[BlackElo "2230"]
[PlyCount "72"]
[EventDate "1988.??.??"]

1. e4 e6 2. Nc3 d5 3. g3 d4 4. Nce2 c5 5. d3 Nc6 6. Bg2 g6 7. f4 Bg7 8. Nf3 b6
9. O-O Bb7 10. f5 e5 11. Ng5 Nf6 12. fxg6 hxg6 13. g4 Rf8 14. h3 Qe7 15. Rf2
Nd7 16. c4 Nd8 17. Bd2 Bh6 18. Qc1 f6 19. Ne6 Nxe6 20. Bxh6 Rh8 21. Bd2 g5 22.
Ng3 Ndf8 23. Nf5 Qc7 24. b4 Ng6 25. bxc5 Nxc5 26. Qa3 Nf4 27. Bxf4 gxf4 28. h4
Bc6 29. h5 O-O-O 30. Bf3 Rdg8 31. Kf1 Rh7 32. Ke2 Bd7 33. Qb4 Qc6 34. Rb1 Kc7
35. Rff1 Re8 36. Kd2 Rg8 1/2-1/2

[Event "BL 8788 Kreuzberg-Zehlendorf"]
[Site "?"]
[Date "1988.??.??"]
[Round "?.1"]
[White "Pritchett, C."]
[Black "Davies, N."]
[Result "1/2-1/2"]
[WhiteElo "2385"]
[BlackElo "2460"]
[PlyCount "41"]
[EventDate "1988.??.??"]

1. e4 e5 2. Nf3 Nc6 3. Bb5 a6 4. Ba4 d6 5. O-O Bd7 6. d4 Nf6 7. Bxc6 Bxc6 8.
Re1 Be7 9. Nc3 exd4 10. Nxd4 Bd7 11. h3 O-O 12. Qf3 Re8 13. Bg5 h6 14. Bh4 Nh7
15. Bxe7 Qxe7 16. Qd3 Nf8 17. Nd5 Qd8 18. Rad1 Be6 19. Nb3 Nd7 20. Re3 Nf6 21.
Nxf6+ 1/2-1/2

[Event "BL 8788 Kreuzberg-Zehlendorf"]
[Site "?"]
[Date "1988.??.??"]
[Round "?.2"]
[White "Lehmann, K."]
[Black "Wockenfuss, K."]
[Result "1/2-1/2"]
[WhiteElo "2315"]
[BlackElo "2415"]
[PlyCount "79"]
[EventDate "1988.??.??"]

1. e4 c5 2. c3 e6 3. d4 d5 4. exd5 exd5 5. Nf3 Nc6 6. Be2 cxd4 7. Nxd4 Bd6 8.
Be3 Nf6 9. Nd2 O-O 10. O-O Re8 11. Re1 Bd7 12. Nf1 Ne5 13. Bf4 Nf3+ 14. Bxf3
Rxe1 15. Qxe1 Bxf4 16. g3 Bh6 17. Qd1 Qb6 18. Qb3 Qxb3 19. axb3 a6 20. Rd1 Rc8
21. Kg2 g6 22. Nc2 Be6 23. Nfe3 Rc7 24. h3 Rd7 25. Ng4 Nxg4 26. Bxg4 Bg7 27.
Nd4 Bxd4 28. Rxd4 Kf8 29. Bf3 Ke7 30. h4 h5 31. Kf1 Rd6 32. Rb4 b5 33. Rd4 a5
34. Ke2 Kf6 35. Kd2 Ke5 36. b4 a4 37. Be2 Bd7 38. Bf3 Be6 39. Be2 Bd7 40. Bf3
1/2-1/2

[Event "BL 8788 Kreuzberg-Zehlendorf"]
[Site "?"]
[Date "1988.??.??"]
[Round "?.3"]
[White "Cladouras, P."]
[Black "Conquest, S."]
[Result "0-1"]
[WhiteElo "2365"]
[BlackElo "2395"]
[PlyCount "94"]
[EventDate "1988.??.??"]

1. e4 e5 2. Nf3 Nc6 3. Bc4 Nf6 4. d3 Be7 5. O-O O-O 6. Bb3 h6 7. Nc3 d6 8. h3
a6 9. Nd5 Nxd5 10. Bxd5 Bf6 11. Bxc6 bxc6 12. d4 exd4 13. Nxd4 c5 14. Ne2 Re8
15. Qd3 Rb8 16. Rb1 Bb7 17. Ng3 Bh4 18. b3 Bxg3 19. Qxg3 Bxe4 20. Bxh6 Qf6 21.
Bd2 Bxc2 22. Rbc1 Qg6 23. Qc3 Be4 24. f3 Bd5 25. Rfe1 a5 26. Kh2 Rec8 27. Re7
Be6 28. h4 a4 29. bxa4 Rb4 30. Bg5 Rxa4 31. a3 Qh5 32. Qe1 Kf8 33. Rc3 Rd4 34.
Re3 Qg6 35. Qa5 Kg8 36. Qa6 Rf8 37. Rxc7 Bc4 38. Qa7 f6 39. Ree7 Rf7 40. Be3
Rxh4+ 41. Kg1 Qb1+ 42. Kf2 Rh1 43. Bd2 Qg1+ 44. Kg3 Qh2+ 45. Kf2 Qh4+ 46. g3
Qd4+ 47. Be3 Qb2+ 0-1

[Event "BL 8788 Kreuzberg-Zehlendorf"]
[Site "?"]
[Date "1988.??.??"]
[Round "?.4"]
[White "Riedel, W."]
[Black "Grzesik, F."]
[Result "1-0"]
[WhiteElo "2310"]
[BlackElo "2255"]
[PlyCount "61"]
[EventDate "1988.??.??"]

1. e4 Nf6 2. e5 Nd5 3. d4 d6 4. c4 Nb6 5. f4 dxe5 6. fxe5 Nc6 7. Be3 Bf5 8. Nc3
e6 9. Nf3 Be7 10. d5 exd5 11. cxd5 Nb4 12. Nd4 Bd7 13. e6 fxe6 14. dxe6 Bc6 15.
a3 N4d5 16. Qf3 Bh4+ 17. Bf2 Bxf2+ 18. Qxf2 Qf6 19. Qxf6 Nxf6 20. Nxc6 bxc6 21.
Ba6 Rd8 22. O-O Rd6 23. Rfe1 Ke7 24. Ne4 Nxe4 25. Rxe4 Rxe6 26. Rxe6+ Kxe6 27.
Re1+ Kd6 28. Bb7 c5 29. Rd1+ Ke7 30. Re1+ Kd6 31. Rd1+ 1-0

[Event "BL 8788 Kreuzberg-Zehlendorf"]
[Site "?"]
[Date "1988.??.??"]
[Round "?.6"]
[White "Grzesik, T."]
[Black "Lehmann, H."]
[Result "1-0"]
[WhiteElo "2300"]
[BlackElo "2315"]
[PlyCount "77"]
[EventDate "1988.??.??"]

1. e4 g6 2. d4 c6 3. Nc3 d5 4. h3 dxe4 5. Nxe4 Bg7 6. Nf3 Nd7 7. Bc4 Ngf6 8.
Nxf6+ Nxf6 9. O-O O-O 10. Re1 h6 11. Qe2 b5 12. Bb3 Nd5 13. a4 a6 14. Ne5 Bb7
15. c3 e6 16. Nd3 Re8 17. Nc5 Bc8 18. Qf3 b4 19. Bd2 a5 20. Rad1 bxc3 21. bxc3
Ra7 22. c4 Ne7 23. Be3 Ra8 24. g4 Qc7 25. Bf4 Qa7 26. Ne4 Rf8 27. Be5 f5 28.
Nd6 Bxe5 29. Rxe5 Bd7 30. c5 Rf6 31. Rde1 Raf8 32. Bxe6+ Bxe6 33. Rxe6 Rxe6 34.
Rxe6 Kh7 35. gxf5 gxf5 36. Qh5 Rg8+ 37. Kh2 Ng6 38. Qxf5 Qb8 39. Re7+ 1-0

[Event "BL 8788 Kreuzberg-Zehlendorf"]
[Site "?"]
[Date "1988.??.??"]
[Round "?.4"]
[White "Glienke, M."]
[Black "Rahls, P."]
[Result "1-0"]
[WhiteElo "2305"]
[BlackElo "2205"]
[PlyCount "80"]
[EventDate "1988.??.??"]

1. d4 c5 2. e4 cxd4 3. c3 dxc3 4. Nxc3 d6 5. Bc4 e6 6. Nf3 Nf6 7. O-O Nc6 8.
Qe2 Be7 9. Rd1 e5 10. h3 O-O 11. b3 Be6 12. a4 Bxc4 13. bxc4 Qc7 14. Bg5 Na5
15. Bxf6 Bxf6 16. Nd5 Qd8 17. Nxf6+ Qxf6 18. Rd5 b6 19. Rad1 Rfd8 20. Qd3 Nb7
21. a5 bxa5 22. Qe3 a4 23. Qa3 Nc5 24. Nxe5 Nxe4 25. Ng4 Qc3 26. Qxa4 Qb2 27.
Qa5 Re8 28. Rf5 Re7 29. Re1 Re6 30. Qd5 Rae8 31. Kh2 h5 32. Rxe4 hxg4 33. Rxg4
g6 34. Qf3 R8e7 35. Rd5 Kg7 36. Rb5 Qa1 37. Qb3 Re2 38. Rf4 Qe5 39. Rxe5 dxe5
40. Rf3 e4 1-0

[Event "BL 8788 Zehlendorf-HSV"]
[Site "?"]
[Date "1988.??.??"]
[Round "?.1"]
[White "Chandler, M."]
[Black "Pritchett, C."]
[Result "1-0"]
[WhiteElo "2575"]
[BlackElo "2385"]
[PlyCount "97"]
[EventDate "1988.??.??"]

1. e4 c5 2. Nf3 e6 3. d4 cxd4 4. Nxd4 a6 5. Bd3 Bc5 6. Nb3 Ba7 7. Qe2 Nc6 8.
Be3 Bxe3 9. Qxe3 Nf6 10. Nc3 d6 11. O-O-O Qc7 12. g4 O-O 13. g5 Ne8 14. h4 b5
15. h5 b4 16. Ne2 Ne5 17. Kb1 a5 18. f4 Nxd3 19. cxd3 Qa7 20. Qxa7 Rxa7 21. Rc1
Ba6 22. Kc2 f5 23. gxf6 Nxf6 24. Kd2 Bb5 25. h6 g6 26. Rhg1 Bd7 27. Rg5 a4 28.
Nbd4 Nh5 29. Ke3 Nxf4 30. Nxf4 e5 31. Nde2 exf4+ 32. Nxf4 Rc8 33. Rxc8+ Bxc8
34. Rd5 Rd7 35. Ne6 Kf7 36. Ng5+ Kf6 37. Kf4 Bb7 38. Rxd6+ Rxd6 39. e5+ Ke7 40.
exd6+ Kxd6 41. Nxh7 Ke7 42. Ke5 Kf7 43. Ng5+ Kg8 44. d4 a3 45. bxa3 bxa3 46. d5
Bc8 47. d6 Bf5 48. Kf6 Kh8 49. Ke7 1-0

[Event "BL 8788 Zehlendorf-HSV"]
[Site "?"]
[Date "1988.??.??"]
[Round "?.2"]
[White "Wockenfuss, K."]
[Black "Schussler, H."]
[Result "1/2-1/2"]
[WhiteElo "2415"]
[BlackElo "2490"]
[PlyCount "72"]
[EventDate "1988.??.??"]

1. d4 e6 2. Nf3 c5 3. c3 d5 4. e3 Nf6 5. Nbd2 Be7 6. Bd3 Nbd7 7. O-O O-O 8. Re1
b6 9. e4 dxe4 10. Nxe4 Bb7 11. Bf4 cxd4 12. cxd4 Nxe4 13. Bxe4 Bxe4 14. Rxe4
Nf6 15. Re2 Qd5 16. a3 Rac8 17. Rc1 Rxc1 18. Qxc1 Qb5 19. Rc2 Nd5 20. Be5 h6
21. h3 a5 22. Bg3 Kh7 23. Rc4 Qb3 24. Qb1+ Kg8 25. Nd2 Qb5 26. Qc2 Rd8 27. Nf3
Kf8 28. Rc8 Qd7 29. Rxd8+ Bxd8 30. Ne5 Qb7 31. a4 Bc7 32. Qe2 Bxe5 33. Bxe5 Qc6
34. b3 Ne7 35. Qc4 Qe4 36. Qb5 Qc6 1/2-1/2

[Event "BL 8788 Zehlendorf-HSV"]
[Site "?"]
[Date "1988.??.??"]
[Round "?.3"]
[White "Wahls, M."]
[Black "Cladouras, P."]
[Result "1-0"]
[WhiteElo "2435"]
[BlackElo "2365"]
[PlyCount "85"]
[EventDate "1988.??.??"]

1. e4 c5 2. Nf3 e6 3. d4 cxd4 4. Nxd4 Nc6 5. Nb5 d6 6. Bf4 e5 7. Be3 a6 8. N5c3
Nf6 9. Bc4 Be6 10. Nd5 Bxd5 11. exd5 Nb8 12. O-O Be7 13. a4 O-O 14. a5 Nbd7 15.
Be2 Ne8 16. Qd2 f5 17. f4 Bf6 18. c4 Rc8 19. Nc3 exf4 20. Rxf4 g6 21. Rff1 Be5
22. b4 Qh4 23. Bf4 Nef6 24. g3 Qh3 25. Rac1 Rfe8 26. Rc2 Ng4 27. Bxg4 Qxg4 28.
Ne2 Nf6 29. Qd3 Ne4 30. Kg2 Bg7 31. Bc1 Be5 32. Nf4 Bxf4 33. Rxf4 Qg5 34. c5
Qe7 35. c6 Nf6 36. Bb2 Ng4 37. Qd4 Ne5 38. Rf1 Rf8 39. Re1 Rce8 40. Rce2 Qf7
41. Rxe5 dxe5 42. Rxe5 bxc6 43. Rxe8 1-0

[Event "BL 8788 Zehlendorf-HSV"]
[Site "?"]
[Date "1988.??.??"]
[Round "?.4"]
[White "Vogel, R."]
[Black "Stein, B."]
[Result "0-1"]
[WhiteElo "2385"]
[BlackElo "2360"]
[PlyCount "90"]
[EventDate "1988.??.??"]

1. d4 Nf6 2. c4 e6 3. Nc3 c5 4. d5 exd5 5. cxd5 d6 6. Nf3 g6 7. Bg5 h6 8. Bh4
a6 9. a4 g5 10. Bg3 Nh5 11. e3 Nxg3 12. hxg3 Bg7 13. Qc2 Nd7 14. Bd3 Rb8 15.
Ke2 Qc7 16. b3 Ne5 17. Nxe5 Bxe5 18. f4 gxf4 19. gxf4 Bg7 20. Rac1 Qd7 21. b4
b5 22. axb5 axb5 23. bxc5 dxc5 24. Kf2 c4 25. Be2 O-O 26. g4 Re8 27. Bf3 Qe7
28. Ne4 Bb7 29. Rcd1 Rbd8 30. Rh5 Qa3 31. g5 Bxd5 32. gxh6 Bxe4 33. Bxe4 Rxd1
34. Bh7+ Kh8 35. hxg7+ Kxg7 36. Rg5+ Kh8 37. Qxd1 Qxe3+ 38. Kg2 Qxf4 39. Rg3
Qe5 40. Bd3 Qd5+ 41. Kh2 cxd3 42. Qg4 Re2+ 43. Kg1 Qc5+ 44. Kh1 Qc1+ 45. Rg1
Qh6+ 0-1

[Event "BL 8788 Zehlendorf-HSV"]
[Site "?"]
[Date "1988.??.??"]
[Round "?.5"]
[White "Reefschlaeger, H."]
[Black "Riedel, W."]
[Result "0-1"]
[WhiteElo "2340"]
[BlackElo "2310"]
[PlyCount "101"]
[EventDate "1988.??.??"]

1. e4 e5 2. Nf3 Nc6 3. Nc3 Nf6 4. d4 exd4 5. Nd5 Nxd5 6. exd5 Nb4 7. Nxd4 Nxd5
8. Qf3 Nf6 9. Bg5 Qe7+ 10. Be2 Qe5 11. Bxf6 Qxf6 12. Qe4+ Be7 13. Nb5 Kd8 14.
O-O-O c6 15. Nc3 d6 16. Kb1 Bf5 17. Qa4 Kc7 18. g4 Be6 19. f4 g6 20. h3 Rhd8
21. Bd3 Qh4 22. f5 gxf5 23. Bxf5 Bf6 24. Rd3 Be5 25. Qe4 Re8 26. Bxe6 Rxe6 27.
Qc4 Bxc3 28. Qxc3 Rae8 29. a3 Qf6 30. Rf3 Qxc3 31. bxc3 f6 32. Rhf1 Re1+ 33.
Rxe1 Rxe1+ 34. Kb2 Re6 35. Rf5 Kd7 36. c4 Ke8 37. Rh5 Re7 38. Rh6 Rf7 39. Kc3
Kf8 40. Rh5 Kg7 41. Rf5 Re7 42. Rf3 Kg6 43. Kd2 Re5 44. Rd3 d5 45. Kc3 dxc4 46.
Kxc4 a5 47. Kc3 h5 48. gxh5+ Rxh5 49. Rf3 Rh4 50. Kd3 f5 51. Ke2 0-1

[Event "BL 8788 Zehlendorf-HSV"]
[Site "?"]
[Date "1988.??.??"]
[Round "?.6"]
[White "Lehmann, H."]
[Black "Maus, So"]
[Result "1/2-1/2"]
[WhiteElo "2315"]
[BlackElo "2375"]
[PlyCount "100"]
[EventDate "1988.??.??"]

1. d4 Nf6 2. c4 c5 3. e3 g6 4. Nc3 Bg7 5. Nf3 O-O 6. Be2 cxd4 7. exd4 d5 8. O-O
Nc6 9. h3 b6 10. Ne5 Bb7 11. Bf3 Na5 12. Re1 Rc8 13. cxd5 Nxd5 14. Bd2 Nc4 15.
Nxd5 Bxd5 16. Bc3 e6 17. Qe2 a5 18. a4 Rc7 19. Red1 Qd6 20. Nd3 Rfc8 21. Bxd5
Qxd5 22. Nf4 Qf5 23. Qg4 Nd6 24. Qxf5 Nxf5 25. d5 Bxc3 26. bxc3 Rc4 27. Ne2 Re4
28. Kf1 exd5 29. Rxd5 Rcc4 30. g4 Ne7 31. Rd6 Rxa4 32. Rxa4 Rxa4 33. Rxb6 Nd5
34. Ra6 Ra1+ 35. Kg2 Kg7 36. c4 Nb4 37. Ra7 a4 38. Nd4 Nd3 39. g5 Nc5 40. Rc7
Rd1 41. Rxc5 Rxd4 42. Kg3 h6 43. gxh6+ Kxh6 44. Rc7 f5 45. c5 Kg5 46. Ra7 Rd3+
47. Kg2 Rc3 48. Rxa4 Rxc5 49. Ra6 Rc3 50. Ra8 Rb3 1/2-1/2

[Event "BL 8788 Zehlendorf-HSV"]
[Site "?"]
[Date "1988.??.??"]
[Round "?.8"]
[White "Lieb, H."]
[Black "Michaelsen, N."]
[Result "0-1"]
[WhiteElo "2305"]
[BlackElo "2205"]
[PlyCount "112"]
[EventDate "1988.??.??"]

1. d4 Nf6 2. c4 g6 3. Nc3 d5 4. cxd5 Nxd5 5. g3 Bg7 6. Bg2 Nxc3 7. bxc3 c5 8.
e3 O-O 9. Ne2 Qc7 10. O-O Rd8 11. Ba3 Nd7 12. Nf4 e6 13. Qa4 a6 14. Rab1 Rb8
15. Rfd1 b5 16. Qb3 Bb7 17. e4 b4 18. Bb2 bxc3 19. Qxc3 Bc6 20. Qc1 Bxd4 21.
Bxd4 Rxb1 22. Qxb1 cxd4 23. Rxd4 Rb8 24. Qc1 Qb6 25. Rd6 Ne5 26. h4 Qb1 27. Rd1
Bxe4 28. Qd2 Qxd1+ 29. Qxd1 Rb1 30. Qxb1 Bxb1 31. a3 a5 32. Bf1 Kf8 33. Bb5 Ke7
34. Kf1 h6 35. Ke1 g5 36. hxg5 hxg5 37. Nh3 Nf3+ 38. Kf1 Bf5 39. Ng1 Nd4 40.
Ba6 Kd6 41. Ne2 Bh3+ 42. Ke1 Nc2+ 43. Kd2 Nxa3 44. Nc3 Bf5 45. f4 gxf4 46. gxf4
Nb1+ 47. Nxb1 Bxb1 48. Kc3 Kc5 49. Bb7 Bf5 50. Bf3 Bg6 51. Bb7 Bh5 52. Be4 Bg4
53. Bg2 Be2 54. Be4 Bc4 55. Bf3 a4 56. Bh5 f5 0-1

[Event "BL 8788 Lasker-Kreuzberg"]
[Site "?"]
[Date "1988.??.??"]
[Round "?.1"]
[White "Davies, N."]
[Black "Muse, M."]
[Result "1-0"]
[WhiteElo "2460"]
[BlackElo "2415"]
[PlyCount "75"]
[EventDate "1988.??.??"]

1. e4 c6 2. d4 d5 3. Nc3 dxe4 4. Nxe4 Nf6 5. Nxf6+ gxf6 6. Bf4 Bf5 7. Nf3 e6 8.
Be2 Na6 9. O-O Nc7 10. c4 Bd6 11. Bg3 Qd7 12. Re1 Bxg3 13. hxg3 O-O-O 14. Qa4
Kb8 15. Rad1 Rhg8 16. b4 h5 17. Qb3 Bg4 18. a4 Qd6 19. b5 c5 20. Qe3 cxd4 21.
Rxd4 Qb4 22. Red1 Rxd4 23. Qxd4 e5 24. Qe3 Ne6 25. Rd7 Ng5 26. Nxe5 Qe1+ 27.
Kh2 Qxe2 28. Nxg4 Qxe3 29. Nxe3 Re8 30. Nf5 Re2 31. Nd6 b6 32. Rb7+ Ka8 33. Rc7
a5 34. c5 Re6 35. Rc8+ Ka7 36. cxb6+ Kxb6 37. Rc6+ Ka7 38. b6+ 1-0

[Event "BL 8788 Lasker-Kreuzberg"]
[Site "?"]
[Date "1988.??.??"]
[Round "?.2"]
[White "Berg, K."]
[Black "Lehmann, K."]
[Result "1-0"]
[WhiteElo "2350"]
[BlackElo "2315"]
[PlyCount "57"]
[EventDate "1988.??.??"]

1. d4 Nf6 2. c4 e6 3. Nc3 Bb4 4. e3 b6 5. Nge2 Ba6 6. Ng3 O-O 7. e4 Bxc3+ 8.
bxc3 d6 9. Bd3 h6 10. O-O Nc6 11. f4 Na5 12. e5 Ne8 13. Qe2 f5 14. Ba3 c5 15.
Rad1 Qc8 16. d5 Qd7 17. Rfe1 Qa4 18. dxe6 Bxc4 19. Nxf5 Rxf5 20. Qe4 d5 21.
Qxf5 Bxd3 22. Rxd3 Qxa3 23. Qf7+ Kh7 24. f5 c4 25. Rh3 Kh8 26. f6 Qc5+ 27. Ree3
Nxf6 28. exf6 Qf8 29. Qxf8+ 1-0

[Event "BL 8788 Lasker-Kreuzberg"]
[Site "?"]
[Date "1988.??.??"]
[Round "?.3"]
[White "Conquest, S."]
[Black "Heyken, E."]
[Result "1/2-1/2"]
[WhiteElo "2395"]
[BlackElo "2305"]
[PlyCount "126"]
[EventDate "1988.??.??"]

1. d4 Nf6 2. c4 e6 3. Nc3 Bb4 4. Bg5 h6 5. Bh4 c5 6. d5 d6 7. e3 Bxc3+ 8. bxc3
e5 9. f3 Kd7 10. Bd3 Kc7 11. Ne2 Nbd7 12. Qc2 Qe7 13. Rf1 g5 14. Bf2 Nf8 15.
Kd2 Rg8 16. Ng3 Ng6 17. Bg1 Nh4 18. Rf2 Bd7 19. Rb1 Rae8 20. Qb3 Bc8 21. a4 Kb8
22. a5 g4 23. f4 e4 24. Bc2 Nf5 25. Nxf5 Bxf5 26. Re2 g3 27. hxg3 Nh5 28. Bf2
Nxg3 29. Ree1 Bc8 30. Bd1 Nf5 31. g4 Nh4 32. Bxh4 Qxh4 33. Be2 Qe7 34. Rg1 f5
35. gxf5 Bxf5 36. Qd1 Qd7 37. Ra1 Ref8 38. Qe1 Rg7 39. Qh4 Rfg8 40. Rxg7 Qxg7
41. Rh1 Rh8 42. Qh2 h5 43. Qh4 a6 44. Qf2 Qc7 45. Rxh5 Rxh5 46. Bxh5 Qxa5 47.
Bd1 Qa2+ 48. Ke1 Qa1 49. Kd2 Qb2+ 50. Bc2 Kc7 51. Qh4 Bd7 52. Qe7 b5 53. cxb5
axb5 54. Qxe4 b4 55. cxb4 cxb4 56. Qc4+ Kb6 57. Ke1 Bb5 58. Qd4+ Qxd4 59. exd4
Bc4 60. Be4 Kc7 61. Kd2 Kd8 62. Ke3 Ke7 63. Bf3 Kf6 1/2-1/2

[Event "BL 8788 Lasker-Kreuzberg"]
[Site "?"]
[Date "1988.??.??"]
[Round "?.4"]
[White "Paulsen, D."]
[Black "Glienke, M."]
[Result "1-0"]
[WhiteElo "2340"]
[BlackElo "2305"]
[PlyCount "45"]
[EventDate "1988.??.??"]

1. d4 d5 2. c4 e6 3. Nc3 Nf6 4. Bg5 Be7 5. Nf3 O-O 6. e3 Nbd7 7. Qc2 h6 8. h4
c5 9. O-O-O cxd4 10. Nxd4 Nb6 11. Be2 Bd7 12. g4 Rc8 13. Bxf6 gxf6 14. g5 f5
15. Rdg1 Nxc4 16. g6 f6 17. g7 Rf7 18. Qd1 Rxg7 19. Nxf5 Bf8 20. Nxg7 Bxg7 21.
Rg3 Nxb2 22. Kxb2 Rxc3 23. Kxc3 1-0

[Event "BL 8788 Lasker-Kreuzberg"]
[Site "?"]
[Date "1988.??.??"]
[Round "?.6"]
[White "Junge, R."]
[Black "Grzesik, T."]
[Result "1/2-1/2"]
[WhiteElo "2315"]
[BlackElo "2300"]
[PlyCount "39"]
[EventDate "1988.??.??"]

1. e4 e5 2. Nf3 Nc6 3. Bb5 a6 4. Ba4 Nf6 5. O-O Nxe4 6. d4 b5 7. Bb3 d5 8. dxe5
Be6 9. Nbd2 Nc5 10. c3 d4 11. Bxe6 Nxe6 12. cxd4 Ncxd4 13. Ne4 Be7 14. Nxd4
Qxd4 15. Qxd4 Nxd4 16. Be3 O-O-O 17. Rad1 Nc2 18. Rc1 Nxe3 19. fxe3 Rd5 20.
Nd6+ 1/2-1/2

[Event "BL 8788 Lasker-Kreuzberg"]
[Site "?"]
[Date "1988.??.??"]
[Round "?.7"]
[White "Konieczka, F."]
[Black "Breutigam, M."]
[Result "1/2-1/2"]
[WhiteElo "2235"]
[BlackElo "2320"]
[PlyCount "100"]
[EventDate "1988.??.??"]

1. e4 e6 2. d4 d5 3. Nd2 Nf6 4. e5 Nfd7 5. f4 c5 6. c3 Nc6 7. Ndf3 cxd4 8. cxd4
Nb6 9. g4 h5 10. gxh5 Bd7 11. Ne2 Nc4 12. Nc3 Ne7 13. b3 Qa5 14. bxc4 Qxc3+ 15.
Bd2 Qa3 16. Qb3 Qxb3 17. axb3 dxc4 18. bxc4 Bc6 19. Bg2 Nf5 20. O-O Rxh5 21.
Rfe1 Be7 22. Bc3 a6 23. Ba5 Bd8 24. d5 exd5 25. Ng5 Bxa5 26. Rxa5 dxc4 27.
Bxc6+ bxc6 28. e6 f6 29. Rxf5 fxg5 30. Rc5 Rc8 31. fxg5 Ke7 32. Kg2 Rh4 33. Kg3
Rd4 34. g6 Rd6 35. Rf5 Rxe6 36. Rf7+ Kd6 37. Rd1+ Kc5 38. Rxg7 c3 39. h4 Rh8
40. Rh1 Kc4 41. Kf4 c2 42. Kf5 Rd6 43. Rc7 c5 44. Rc1 Rd2 45. g7 Rg8 46. Kg6
Rg2+ 47. Kh6 Kb3 48. Rxc5 R8xg7 49. R1xc2 Rxc2 50. Rxc2 Kxc2 1/2-1/2